| 000 | 01669nam a2200253 4500 | ||
|---|---|---|---|
| 001 | 7683 | ||
| 003 | OCoLC | ||
| 005 | 20181127184133.0 | ||
| 008 | 900605c19881984cau b s000 0 eng d | ||
| 020 | _a0520236998 | ||
| 020 | _a9780520236998 | ||
| 100 | 1 | _aCerteau, Michel de. | |
| 240 | 0 | 0 |
_aArts de faire. _lEnglish. |
| 245 | 1 | 4 |
_aThe practice of everyday life / _cMichel de Certeau ; translated by Steven Rendall. |
| 260 |
_aBerkeley : _bUniversity of California Press, _c1988, c1984. |
||
| 300 |
_axxiv, 229 p. ; _c24 cm. |
||
| 500 | _a""First paperback printing""--Verso of t.p. | ||
| 500 | _aTranslation of: Arts de faire. | ||
| 504 | _aIncludes bibliographical references. | ||
| 505 |
_aPreface General Introduction PART I: A VERY ORDINARY CULTURE I. A Common Place: Ordinary Language II. Popular Cultures: Ordinary Language III. Making Do: Uses and Tactics PART II: THEORIES OF THE ART OF PRACTICE IV. Foucault and Bourdieu V. The Arts of Theory VI. Story Time PART III: SPATIAL PRACTICES VII. Walking in the City VIII. Railway Navigation and Incarceration IX. Spatial Stories PART IV: Uses of Language X. The Scriptural Economy XI. Quotations of Voices XII. Reading as Poaching PART V: WAYS OF BELIEVING XIII. Believing and Making People Believe XIV. The Unnamable Indeterminate Notes _g _r _t |
||
| 520 | _aConsiders the uses to which social representation and modes of social behavior are put by individuals and groups, describing the tactics available to the common man for reclaiming his own autonomy from the all-pervasive forces of commerce, politics, and culture. | ||
| 650 | 0 | _aSocial history. | |
| 999 |
_c6589 _d6589 |
||